| 000 | 00592nam a2200205Ia 4500 | ||
|---|---|---|---|
| 008 | 131103s9999 xx 000 0 und d | ||
| 020 | _a138201765 | ||
| 040 | _aLoreto College | ||
| 041 | _aEnglish | ||
| 082 |
_a370.1/BAL _bLCBED/11380 |
||
| 100 | _aBallantine, Jeanne H. | ||
| 245 | 4 |
_aThe sociology of education _b a systematic analyasis _cJeanne H.Ballantine |
|
| 250 | _a2nd. ed. | ||
| 260 |
_aNew Jersey _bPrentic hall _c191983 |
||
| 300 |
_a401p. _b tables _c 22cm. |
||
| 504 | _aIncludes references and index | ||
| 650 | _aEducation | ||
| 850 | _aLCBED/370.1/BAL | ||
| 942 | _cBK | ||
| 999 |
_c26261 _d76740 |
||